| 000 | 00363nam a2200145 i 4500 | ||
|---|---|---|---|
| 001 | bg | ||
| 100 | 1 | _aKEZDI, Arpad | |
| 245 | 0 |
_aErdbauten.Standsicherheit und Entwässerung / _cArpad Kezdi, Ivan Marko. |
|
| 260 |
_aDüsseldorf, _c1969. |
||
| 700 | 1 | _aMARKO, Ivan | |
| 040 | _cBPK | ||
| 041 | _apol | ||
| 942 | _cKS | ||
| 008 | s pl f |000 0 pol | ||
| 999 |
_c27136 _d27136 |
||
| 856 |
_uhttp://koha.tu.koszalin.pl/cgi-bin/koha/opac-detail.pl?biblionumber=27136 _yKatalog online BPK |
||